Children's minds
Αποθηκεύτηκε σε:
| Κύριος συγγραφέας: | |
|---|---|
| Μορφή: | Βιβλίο |
| Γλώσσα: | English |
| Δημοσίευση: |
Glasgow :
Fontana Press,
1978
|
| Θέματα: | |
| Ετικέτες: |
Προσθήκη ετικέτας
Δεν υπάρχουν, Καταχωρήστε ετικέτα πρώτοι!
|
MARC
| LEADER | 00000nam a2200000 i 4500 | ||
|---|---|---|---|
| 001 | 1/84545 | ||
| 008 | 960627s1978 eng d | ||
| 020 | |a 0-00-686122-9 | ||
| 035 | |a 1987 |c Αγορά |l 10034467 | ||
| 035 | |a 1995 |b 3 |c Καϊλα | ||
| 040 | |a GR-MY-UA |b gre |e aacr | ||
| 041 | 0 | |a eng | |
| 082 | 0 | |a 155.413 | |
| 100 | 1 | |a Donaldson, Margaret C. | |
| 245 | 1 | 0 | |a Children's minds / |c Margaret Donaldson |
| 260 | |a Glasgow : |b Fontana Press, |c 1978 | ||
| 300 | |a 156 p. | ||
| 650 | 0 | 0 | |a Cognition in children. |
| 650 | 0 | 0 | |a Verbal ability in children. |
| 650 | 0 | 0 | |a Child psychology. |
| 852 | |a INST |b RHODES |e 19960627 |h 155.413 DON |p 005400004828 |q 005400004828 |t BK |y 0 | ||
| 852 | |a INST |b RHODES |e 19970610 |h 155.413 DON |p 005400005248 |q 005400005248 |t BK |y 0 | ||
| 852 | |a INST |b RHODES |e 19970609 |h 155.413 DON |p 005400011616 |q 005400011616 |t BK |y 0 | ||
| 909 | |a Ρ |b 008065 |c 1987 | ||
| 909 | |a Ρ |b 043588 |c 1987 | ||